|
|
|
|
| LEADER |
00662ncm a22002052a 4500 |
| 001 |
001196570 |
| 003 |
CZ BrMZK |
| 005 |
20120229090953.0 |
| 007 |
qu |
| 008 |
120223s1916 xr |||||||||||||||||zxx d |
| 040 |
|
|
|a BOA001
|b cze
|
| 072 |
|
7 |
|a 786
|x Hudba pro klávesové nástroje
|2 Konspekt
|9 9
|
| 100 |
1 |
|
|a Tregler, Eduard,
|d 1868-1932
|7 ola200204915
|4 cmp
|
| 245 |
1 |
0 |
|a Klavírní skladby, op. 1
|h [hudebnina] /
|c Edvard Tregler
|
| 260 |
|
|
|a V Praze :
|b Fr. A. Urbánek,
|c [1916?]
|
| 300 |
|
|
|a 25 s.
|
| 910 |
|
|
|a BOA001
|b Mus4-0866.402
|
| 990 |
|
|
|a MU
|
| 991 |
|
|
|b 201202
|
| 996 |
6 |
|
|b 2619070562
|c Mus4-0866.402
|l MZK
|r Sklad / do 1 hodiny
|n 0
|w 001230213
|u 000010
|a 1
|e BOA001
|j MZK50
|s P
|